| 000 | 00557nam a22001937a 4500 | ||
|---|---|---|---|
| 999 |
_c14347 _d14347 |
||
| 003 | AR-CdUCM | ||
| 008 | 190422b ||||| |||| 00| 0 spa d | ||
| 040 |
_aMUNICIPALIDAD PROVINCIAL DEL CUSCO _cBIBLIOTECA MUNICIPAL DEL CUSCO |
||
| 082 |
_a869.5 / _bR94 |
||
| 245 | _aRumichacuna / | ||
| 260 |
_aCusco : _c2001. |
||
| 300 |
_a32 paginas ; _c21 cm. |
||
| 505 | _aContenido : Novelas | ||
| 650 |
_aNovela Cusqueña _9721 |
||
| 650 |
_aAutores Cusqueños _95505 |
||
| 650 |
_aLiteratura cusqueña _9164 |
||
| 942 |
_2ddc _cLIBROS |
||
| 945 |
_awnts _d2019-04-22 |
||